=LDR 00000nam 2200000 4500 =001 000997 =005 20250712022934 =035 ##$$a 0010-0725000876 =007 ta =008 250712################a##########0#ind## =020 ##$$a 978-623-307- 430-8 =082 ##$$a 398. 209 598 =084 ##$$a 398. 209 598 VER b =100 #$$a Verbeek, Clare =245 1#$$a Berapa Banyak? /$c Clare Verbeek, Thembani Dladla, Zanele Buthelezi =250 ##$$a Cetakan Pertama =260 ##$$a Jakarta Timur :$b Badan Pengembangan dan Pembinaan Bahasa,$c 2024 =300 ##$$a 16 hlm. : $b Ilus. ; $c 21 cm =650 #4$$a Cerita anak Indonesia-Terjemahan =650 #4$$a Literasi-Bahan Bacaan =700 #$$a Dladla, Thembani =990 ##$$a TBM2024006248